• 首页
  • 本馆介绍
  • 公告通知
  • 最新文献
  • 馆藏检索
  • 电子资源
  • 读者导购
  • 参考咨询
  • 我的图书馆
  • 登录
  • 详细信息显示
  • 放入我的书架
  • 预约/预借图书
  • 作者相关作品
  • 分类相关作品
  • 丛书相关作品
  • 出版社相关作品

书目信息

  • 表格格式
  • 工作单格式
  • 卡片格式
题名:
列子
    
 
作者: 列御寇 著 ;杨靖 , 李昆仑 编
分册:  
出版信息: 兰州   敦煌文艺出版社  2015
页数: 186页
开本: 24cm
丛书名:
单 册:
中图分类: B223.22 , B223.24
科图分类:
主题词: 道家--dao jia
电子资源:
ISBN: 978-7-5468-0857-4
000 01020nam0 22003011 450
001 0124140119
005 20170324140119.0
010    @a978-7-5468-0857-4@dCNY28.00
100    @a20160113d2015 em y0chiy50 ea
101 0  @achi
102    @aCN@b620000
105    @aa z 000yy
106    @ar
200 1  @a列子@9lie zi@f(战国)列子著@g杨靖,李昆仑编
210    @a兰州@c敦煌文艺出版社@d2015
215    @a186页@c照片@d24cm
300    @a全民阅读:国学经典无障碍悦读书系 14 与老庄并列的道家重要典籍
330    @a本书分为六大版块:图鉴阅读、史记阅读、辅助阅读、原作新释、体验阅读和延展阅读。包括天瑞篇、黄帝篇、仲尼篇、汤问篇、力命篇、杨朱篇、说符篇。
605    @a《列子》@Alie zi@x注释
605    @a《列子》@Alie zi@x译文
606 0  @a道家@9dao jia
690    @aB223.22@v5
690    @aB223.24@v5
701  0 @c(战国)@a列御寇@9lie yu kou@f(约前450~前375)@4著
702  0 @a杨靖@9yang jing@4编
702  0 @a李昆仑@9li kun lun@4编
801  0 @aCN@bTANGWEI@c20170308
905    @b0961553-5@dB223.22@e553@f3
    
    列子/(战国)列子著/杨靖,李昆仑编.-兰州:敦煌文艺出版社,2015
    186页:照片;24cm
    全民阅读:国学经典无障碍悦读书系 14 与老庄并列的道家重要典籍
    
    ISBN 978-7-5468-0857-4:CNY28.00
    本书分为六大版块:图鉴阅读、史记阅读、辅助阅读、原作新释、体验阅读和延展阅读。包括天瑞篇、黄帝篇、仲尼篇、汤问篇、力命篇、杨朱篇、说符篇。
●
相关链接 在E读中查询图书 在五车中查询图书 在当当中查询图书 在豆瓣中查询图书


正题名:列子     索取号:B223.22/553         预约/预借

序号 登录号 条形码 馆藏地/架位号 状态 备注
1 0961553   209615530   第一样本阅览室/ [索取号:B223.22/553] 在馆    
2 0961554   209615549   第一借阅区/ [索取号:B223.22/553] 在馆    
3 0961555   209615558   第一借阅区/ [索取号:B223.22/553] 在馆    
唐山师范学院图书馆 欢迎您!
大连网信软件有限公司© 版权所有